000 00412cam a22001217a 4500
008 180718b1978 xxu||||| |||| 00| 0 eng d
082 _aK5 T326
100 _aThakur, C.P.
245 _aSkill development and labour market in an industrializing economy
_cby C.P. Thakur
260 _aDelhi
_bShri Ram Centre for Industrial Relations and Human Resources
_c1978
300 _a205p.
650 _aEmployees --Training of
999 _c355405
_d355405